Buchgalterskij učet v kolchozach

Enregistré dans:
Détails bibliographiques
Format: Livre
Langue:russe
Publié: Moskva Seľchozgiz 1949
Tags: Ajouter un tag
Pas de tags, Soyez le premier à ajouter un tag!

MARC

LEADER 00000nam a2200000 4500
001 0314616
005 20260129101054.6
041 0 |a rus 
044 |a RU 
245 1 0 |a Buchgalterskij učet v kolchozach 
264 1 |a Moskva  |b Seľchozgiz  |c 1949